Planificació de la formació contínua a l'Administració Local : seminari seminari
Descripción Física:
6 pàgines : il·lustracions ; 30 cm
Idioma:
Catalán
MARC
| LEADER | 00000nam a2200000 a 4500 | ||
|---|---|---|---|
| 001 | 26642 | ||
| 008 | 220902s2008 spa||||| |||| 00| 0 cat d | ||
| 080 | |a FU-72-65 | ||
| 245 | 0 | 0 | |a Planificació de la formació contínua a l'Administració Local : |b seminari |
| 260 | |a Barcelona : |b Diputació Barcelona, Xarxa de Municipis, |c 2008? | ||
| 300 | |a 6 pàgines : |b il·lustracions ; |c 30 cm | ||
| 500 | |a A la portada: Connectis. Formació a través de la Xarxa | ||
| 650 | 0 | |2 Arxiu |9 50314 |a Personal |x Formació |x Barcelona (Província) | |
| 655 | 0 | |9 52956 |a Manuals, vademècums, etc. | |
| 710 | 1 | |a Barcelona (Catalunya : Província). |b Diputació |e entitat editora |9 52408 | |
| 942 | |2 udc |c ARXIU |n 1 | ||
| 952 | |0 0 |1 0 |4 0 |6 FU7265 |7 1 |9 63722 |a Arxiu |b Arxiu |d 2022-09-02 |l 0 |o FU-72-65 |p 26642 |r 2022-09-02 00:00:00 |w 2022-09-02 |y ARXIU | ||
| 999 | |c 82633 |d 82633 | ||